Never waste a good crisis (Record no. 110179)

MARC details
000 -LEADER
fixed length control field 01656cad a22002415a 4500
001 - CONTROL NUMBER
control field L148711
008 - FIXED-LENGTH DATA ELEMENTS--GENERAL INFORMATION
fixed length control field 091026s2009 xxkado f 000 0 eng d
035 ## - SYSTEM CONTROL NUMBER
System control number (Sirsi) u148711
041 0# - LANGUAGE CODE
Language code of text/sound track or separate title eng
050 04 - LIBRARY OF CONGRESS CALL NUMBER
Classification number 338.47624 $2 18
110 2# - MAIN ENTRY--CORPORATE NAME
Corporate name or jurisdiction name as entry element Constructing Excellence in the Built Environment
9 (RLIN) 4925
245 00 - TITLE STATEMENT
Title Never waste a good crisis
Remainder of title a review of progress since Rethinking Construction and thoughts for our future
Medium [electronic resource]
260 ## - PUBLICATION, DISTRIBUTION, ETC.
Place of publication, distribution, etc. London
Name of publisher, distributor, etc. Constructing Excellence
Date of publication, distribution, etc. 2009
505 2# - FORMATTED CONTENTS NOTE
Formatted contents note Forewords -- Executive summary -- Introduction by Andrew Wolstenholme, Chair of the Review Team -- A Brief refresher course on Rethinking Construction -- Progress so far -- The evidence -- Blockers to progress -- Our analysis -- Big themes for future action and some quick wins -- Appendices -- References
520 ## - SUMMARY, ETC.
Summary, etc. Reviews the improvements in the UK construction industry since Sir John Egan's report "Rethinking construction" in 1998. Finds that most areas still need to reach the targets set out in this report. Identifies several blockers to improvement of the construction industry including business models based on short term cycles. Provides recommendations for the UK construction industry, including choosing new business models; integrating education and training; supporting a low carbon economy.
521 ## - TARGET AUDIENCE NOTE
Target audience note Advanced
590 ## - LOCAL NOTE (RLIN)
Local note KA NTK
651 #4 - SUBJECT ADDED ENTRY--GEOGRAPHIC NAME
Geographic name United Kingdom
690 ## - LOCAL SUBJECT ADDED ENTRY--TOPICAL TERM (OCLC, RLIN)
Topical term or geographic name as entry element Construction management
9 (RLIN) 6230
700 1# - ADDED ENTRY--PERSONAL NAME
Personal name Wolstenholme, Andrew
856 40 - ELECTRONIC LOCATION AND ACCESS
Uniform Resource Identifier <a href="https://www.constructingexcellence.org.uk/news/article.jsp?id=10886">https://www.constructingexcellence.org.uk/news/article.jsp?id=10886</a>
Public note View the report free of charge at www.constructingexcellence.org.uk...
942 ## - ADDED ENTRY ELEMENTS (KOHA)
Suppress in OPAC 0
Source of classification or shelving scheme Dewey Decimal Classification
Holdings
Withdrawn status Lost status Source of classification or shelving scheme Damaged status Not for loan Home library Current library Shelving location Date acquired Total Checkouts Full call number Barcode Date last seen Copy number Price effective from Koha item type
    Dewey Decimal Classification     Virtual Virtual Online 26/10/2009   ONLINE PUBLICATION 148711-1001 06/08/2019 1 06/08/2019 Book